000 00410nam a22001577a 4500
003 OSt
005 20260312103843.0
008 260312b |||||||| |||| 00| 0 eng d
020 _a9789358404616
040 _cIIMT UNIVERSITY, MEERUT
100 _aP.Subba, Rao
245 _aPersonnel & Human Resource Management
260 _aNEW DELHI
_bHimalaya Publishing House
_c2025
300 _a506
942 _2ddc
_c02
999 _c67166
_d67166